000 00860nmc a2200313 a 4500
003 AR-BaBNM
005 20251128202855.0
008 157019s1962 ||||||||||||||000 | spa||
040 _cAR-BaBNM
100 1 _aSimpson, Frank A.
245 1 0 _aLa Antártida de hoy
260 _aBuenos Aires
_bKapelusz
_c1962
300 0 _a462 p.
_bmapas, il., láms., gráfs., tablas
490 0 _aUniversitaria
500 0 _aContiene índice alfabético p. 443-462
650 4 _aCIENCIAS DE LA TIERRA
650 4 _aGEOGRAFIA FISICA
650 4 _aEXPEDICIONES CIENTIFICAS
650 4 _aEXPLORACION
650 4 _aGEOGRAFIA REGIONAL
650 4 _aCARTOGRAFIA
650 4 _aFITOGEOGRAFIA
650 4 _aGEOLOGIA
650 4 _aOCEANOS
700 1 _aTurner, Juan Carlos M.
_etraductor
800 1 _aRampa, Alfredo C.
_edirector
942 _cBK
998 _cmariana
999 _c981
_d981